000 00358nam a2200133Ia 4500
008 240624s9999 xx 000 0 und d
041 _aeng
082 _a303.482 RIE
100 _aRIEDEL BRUCE
245 _aDEADLY EMBRACE PAKISTAN AMERICA AND THE
260 _c2011
_aNew Delhi
_bHarpercollins India Publishers Ltd.
300 _a180 : p.
365 _cRS
_b25
999 _c17290
_d17290